Welcome to the Holygrace Academy Library

Please use search bar below to get started

HIDDEN ANIMALS (Record no. 6245)

MARC details
000 -LEADER
fixed length control field 00251nam a22001217a 4500
020 ## - INTERNATIONAL STANDARD BOOK NUMBER
ISBN 13-978-351-03547-3
082 ## - DEWEY DECIMAL CLASSIFICATION NUMBER
Classification number 001
Item number MEL/H
245 ## - TITLE STATEMENT
Title HIDDEN ANIMALS
260 ## - PUBLICATION, DISTRIBUTION, ETC. (IMPRINT)
Place of publication NEW YORK
Name of publisher SCHOLASTIC
300 ## - PHYSICAL DESCRIPTION
Number of Pages 109
650 ## - SUBJECT ADDED ENTRY--TOPICAL TERM
Topical Term GK
Geographic subdivision NEW YORK
942 ## - ADDED ENTRY ELEMENTS (KOHA)
Koha item type Books
Holdings
Withdrawn status Lost status Collection code Home library Current library Shelving location Date acquired Source of acquisition Cost, normal purchase price Full call number Accession Number Koha item type
    G.K Main Library Main Library SHELF-17E-SCIENCE RELATED BOOKS 05/10/2015 PURCHASE 325.00 001 MEL/H 06197 Books